Succeeding in literature reviews and research project plans for nursing students
Saved in:
| Hovedforfatter: | |
|---|---|
| Format: | Bog |
| Sprog: | engelsk |
| Udgivet: |
SAGE,
2017
|
| Tags: |
Tilføj Tag
Ingen Tags, Vær først til at tagge denne postø!
|
MARC
| LEADER | 00000nam a22000007a 4500 | ||
|---|---|---|---|
| 008 | 210427b ||||| |||| 00| 0 eng d | ||
| 020 | |a 978-1-47396730-4 | ||
| 100 | |a WILLIAMSON, Graham R. | ||
| 245 | |a Succeeding in literature reviews and research project plans for nursing students |c Graham R. Williamson, Andrew Whittaker. |e Transforming nursing practice |g xi, 210p; ill. | ||
| 250 | |b 3rd ed. | ||
| 260 | |b SAGE, |c 2017 |h Los Angeles |i 693371 |i 693372 |l RT81.5 .W67 |m Nursing – Research |m Nursing – Research – Methodology |m Nursing literature | ||
| 500 | |a “It includes references and index” | ||
| 942 | |a lcc |c BK |e YUNUSA, A.A. |f 27/04/21 | ||
| 952 | |0 0 |1 0 |2 lcc |4 0 |6 RT00815 W67 |7 0 |9 2360 |a HOL |b HOL |c QZ |d 2021-04-27 |l 0 |o RT81.5 .W67 |p 2021-6214 |r 2021-04-27 00:00:00 |w 2021-04-27 |y BK | ||
| 952 | |0 0 |1 0 |2 lcc |4 0 |6 RT00815 W67 |7 0 |9 2361 |a HOL |b HOL |c QZ |d 2021-04-27 |l 0 |o RT81.5 .W67 |p 2021-6215 |r 2021-04-27 00:00:00 |w 2021-04-27 |y BK | ||
| 952 | |0 0 |1 0 |2 ddc |4 0 |7 0 |9 2362 |a HOL |b HOL |d 2021-04-27 |l 0 |r 2021-04-27 00:00:00 |w 2021-04-27 |y BK | ||
| 999 | |c 1218 |d 1218 | ||